A Course in business statistics / (Record no. 5620)

MARC details
000 -LEADER
fixed length control field 00653cam a22002172 4500
001 - CONTROL NUMBER
control field 0000002063
005 - DATE AND TIME OF LATEST TRANSACTION
control field 20151217151838.0
008 - FIXED-LENGTH DATA ELEMENTS--GENERAL INFORMATION
fixed length control field 070402s xx 000 0 eng d
020 ## - INTERNATIONAL STANDARD BOOK NUMBER
International Standard Book Number 0536707294 :
Terms of availability KES 600
040 ## - CATALOGING SOURCE
Original cataloging agency KABU
Transcribing agency KABU
050 #0 - LIBRARY OF CONGRESS CALL NUMBER
Classification number HF1017
Item number .C68 2002
245 12 - TITLE STATEMENT
Title A Course in business statistics /
Statement of responsibility, etc. Patrick W. Shannon ... [et al.]
250 ## - EDITION STATEMENT
Edition statement Custom ed.
260 ## - PUBLICATION, DISTRIBUTION, ETC. (IMPRINT)
Place of publication, distribution, etc. Boston, MA :
Name of publisher, distributor, etc. Pearson Custom,
Date of publication, distribution, etc. 2002.
300 ## - PHYSICAL DESCRIPTION
Extent xxvi, 657 p.
650 #0 - SUBJECT ADDED ENTRY--TOPICAL TERM
Topical term or geographic name as entry element Commercial statistics.
-- 0000149884
700 1# - ADDED ENTRY--PERSONAL NAME
Personal name Shannon, Patrick W.
-- 0000151282
908 ## - PUT COMMAND PARAMETER (RLIN)
Put command parameter 070402
950 ## - LOCAL HOLDINGS (RLIN)
-- 1
Holdings
Withdrawn status Lost status Source of classification or shelving scheme Not for loan Home library Current library Date acquired Total Checkouts Full call number Barcode Date last seen Date last checked out Price effective from Koha item type
    Library of Congress Classification   Kabarak, Main Campus Kabarak, Main Campus 17/12/2015 3 HF1017 .C68 2002 001587 02/08/2024 25/02/2017 17/12/2015 General Collection
Designed with assistance from East African Informatics Ltd